| 000 | 00377nam a22001097a 4500 | ||
|---|---|---|---|
| 999 |
_c64701 _d64698 |
||
| 100 |
_aMuhammad Abu Bakar Shaikh _a15ME27 |
||
| 245 | _aDevelopment and performance anaylysis of a rought terrain RC vehicle using rocker bogie mechanical with live video feed | ||
| 260 |
_aNawabshah _bQuest _c2019 |
||
| 300 | _a43 | ||
| 700 | _aDepartment of Mechanical Engineering | ||
| 942 | _cBK | ||